000 00248nam a2200097Ia 4500
005 20251222114349.0
008 251222s1900||||xx |||||||||||||| ||spa||
082 _aDVD0010/H88/2010/BR
245 0 _aEl libro de los secretos:The book of Eli
942 _cDVD
999 _c1169
_d1169